| 000 | 00888nas a2200301 4500 | ||
|---|---|---|---|
| 001 | BR0302932 | ||
| 003 | BR-BrBNA | ||
| 005 | 20231205103849.0 | ||
| 007 | ta | ||
| 008 | 230509b bl.|||p| |||| 00| 00por d | ||
| 040 |
_aBR-BrBNA _bpor _cBiblioteca Nacional de Agricultura |
||
| 041 | _a(Pt) | ||
| 072 | _aQ54 | ||
| 100 | 1 | _aDeschamps, F.C. | |
| 100 | 1 | _aRamos, L.P. | |
| 245 | 1 | _aMétodo para determinação de ácidos fenólicos na parede celular de forragens | |
| 650 | _aCROMATOGRAFIA | ||
| 650 | _aÁCIDO ERÚCICO | ||
| 650 | _aBAGAÇO | ||
| 650 | _aCANA DE ACÚCAR | ||
| 650 | _aFORRAGEIRA TROPICAL | ||
| 650 | _aGRAMÍNEA | ||
| 650 | _aLEGUMINOSA | ||
| 650 | _aMÉTODO | ||
| 773 | 0 |
_tRevista Brasileira de Zootecnia (Brazil) _xISSN 1516-3598 _g(Jul-Aug 2002), v. 31(4) p. 1634-1639 _wBR0302932 |
|
| 909 |
_a202311 _bLúcia _c55 _dLúcia Elande |
||
| 942 |
_2AGRIS _n0 _cANA |
||
| 999 |
_c175141 _d175141 |
||